Teoretické aspekty pedagogickej praxe vysokoškolákov
Teoretické poznámky k pedagogickej praxi, ktorú absolvujú študenti učiteľstva. Miesto pedagogickej praxe v systéme prípravy študentov na prácu v škole. Príprava študentov na pedagogickú prax. Požiadavky na vyučovaciu hodinu. Skúmanie stavu vyučovania daného predmetu v škole.
Saved in:
| Main Author: | |
|---|---|
| Format: | Book Chapter |
| Language: | Slovak |
| Subjects: | |
| Tags: |
No Tags, Be the first to tag this record!
|
MARC
| LEADER | 00000naa$a2200000$$$4500 | ||
|---|---|---|---|
| 001 | 0081090 | ||
| 005 | 20231010124820.7 | ||
| 041 | 0 | |a slo | |
| 044 | |a SK | ||
| 245 | 1 | 0 | |a Teoretické aspekty pedagogickej praxe vysokoškolákov |c Vladimír Strečko |
| 520 | |a Teoretické poznámky k pedagogickej praxi, ktorú absolvujú študenti učiteľstva. Miesto pedagogickej praxe v systéme prípravy študentov na prácu v škole. Príprava študentov na pedagogickú prax. Požiadavky na vyučovaciu hodinu. Skúmanie stavu vyučovania daného predmetu v škole. | ||
| 610 | 2 | 0 | |a vysokoškoláci |
| 610 | 2 | 0 | |a prax odborná |
| 610 | 2 | 0 | |a školy vysoké |
| 610 | 2 | 0 | |a riaditelia |
| 100 | 1 | |a Strečko, Vladimír | |